<?xml version="1.0" encoding="UTF-8"?>
<record
    xmlns:xsi="http://www.w3.org/2001/XMLSchema-instance"
    xsi:schemaLocation="http://www.loc.gov/MARC21/slim http://www.loc.gov/standards/marcxml/schema/MARC21slim.xsd"
    xmlns="http://www.loc.gov/MARC21/slim">

  <leader>03631nam a2200409Ii 4500</leader>
  <controlfield tag="001">DIGBIN00516</controlfield>
  <controlfield tag="003">NyNyDIG</controlfield>
  <controlfield tag="006">m        d        </controlfield>
  <controlfield tag="007">cr |||||||||||</controlfield>
  <controlfield tag="008">100625s2009    sp      ob    000 0 spa d</controlfield>
  <datafield tag="020" ind1=" " ind2=" ">
    <subfield code="z">8497429257</subfield>
  </datafield>
  <datafield tag="020" ind1=" " ind2=" ">
    <subfield code="z">9788497429252</subfield>
  </datafield>
  <datafield tag="035" ind1=" " ind2=" ">
    <subfield code="a">(OCoLC)770006511</subfield>
  </datafield>
  <datafield tag="040" ind1=" " ind2=" ">
    <subfield code="a">DGITA</subfield>
    <subfield code="b">eng</subfield>
    <subfield code="e">pn</subfield>
    <subfield code="c">DGITA</subfield>
  </datafield>
  <datafield tag="043" ind1=" " ind2=" ">
    <subfield code="a">e-sp---</subfield>
  </datafield>
  <datafield tag="050" ind1="0" ind2="4">
    <subfield code="a">LB1715 eBook</subfield>
  </datafield>
  <datafield tag="245" ind1="0" ind2="0">
    <subfield code="a">Profesi&#xF3;n y vocaci&#xF3;n docente :</subfield>
    <subfield code="b">presente y futuro / </subfield>
    <subfield code="c">Manuel de Puelles Ben&#xED;tez (coord.); pr&#xF3;logo de Carlos L&#xF3;pez Corti&#xF1;as.</subfield>
  </datafield>
  <datafield tag="264" ind1=" " ind2="1">
    <subfield code="a">Madrid :</subfield>
    <subfield code="b">Biblioteca Nueva :</subfield>
    <subfield code="b">Escuela Julian Besteiros,</subfield>
    <subfield code="c">2009.</subfield>
  </datafield>
  <datafield tag="300" ind1=" " ind2=" ">
    <subfield code="a">1 online resource (261 pages) :</subfield>
    <subfield code="b">illustrations.</subfield>
  </datafield>
  <datafield tag="336" ind1=" " ind2=" ">
    <subfield code="a">text</subfield>
    <subfield code="b">txt</subfield>
    <subfield code="2">rdacontent</subfield>
  </datafield>
  <datafield tag="337" ind1=" " ind2=" ">
    <subfield code="a">computer</subfield>
    <subfield code="b">c</subfield>
    <subfield code="2">rdamedia</subfield>
  </datafield>
  <datafield tag="338" ind1=" " ind2=" ">
    <subfield code="a">online resource</subfield>
    <subfield code="b">cr</subfield>
    <subfield code="2">rdacarrier</subfield>
  </datafield>
  <datafield tag="490" ind1="1" ind2=" ">
    <subfield code="a">Biblioteca de la nueva educaci&#xF3;n ;</subfield>
    <subfield code="v">16</subfield>
  </datafield>
  <datafield tag="500" ind1=" " ind2=" ">
    <subfield code="a">Desde su fundaci&#xF3;n en noviembre de 1999 el Colectivo Lorenzo Luzuriaga  organiza seminarios que sirven para abrir espacios de reflexi&#xF3;n  y de debate sobre distintos temas del mundo educativo y para contribuir  con sus propuestas a la mejora de la educaci&#xF3;n en nuestro pa&#xED;s.  En esta ocasi&#xF3;n el tema elegido para el s&#xE9;ptimo seminario ha sido  "El profesorado, presente y futuro".  (pages 9).</subfield>
  </datafield>
  <datafield tag="505" ind1="0" ind2=" ">
    <subfield code="a">1. Pr&#xF3;logo / Carlos L&#xF3;pez Corti&#xF1;as -- 2. Presentaci&#xF3;n / Manuel de Puelles Ben&#xED;tez -- 3. La formaci&#xF3;n del profesorado en la Segunda Rep&#xFA;blica: una revisi&#xF3;n/reflexi&#xF3;n desde el presente / Antonio Vi&#xF1;ao -- 4. La formaci&#xF3;n del profesorado: una respuesta adecuada a los nuevos tiempos / Antonio Moreno Gonz&#xE1;lez -- 5. Rescatar el valor del conocimiento, dar un nuevo sentido a la profesionalidad docente / Sara Morgenstern -- 6. Formaci&#xF3;n en los centros y comunidades docentes de aprendizaje: teor&#xED;a y pr&#xE1;ctica / Juan Manuel Escudero -- 7. La profesi&#xF3;n docente en Espa&#xF1;a: reflexiones y sugerencias / Mariano Fern&#xE1;ndez Enguita -- 8. Pol&#xED;ticas de formaci&#xF3;n inicial y continua (maestros y secundaria). Cr&#xED;tica y propuestas / Jos&#xE9; M. Esteve Zarazaga -- 9. La funci&#xF3;n docente en la era de la informaci&#xF3;n. Aprender a ense&#xF1;ar para ense&#xF1;ar a aprender en la sociedad de la informaci&#xF3;n / &#xC1;ngel I. P&#xE9;rez G&#xF3;mez -- 10. La funci&#xF3;n indispensable de las emociones en la formaci&#xF3;n personal y en la educaci&#xF3;n / Pere Darder -- 11. La profesi&#xF3;n docente en la Uni&#xF3;n Europea: tipolog&#xED;as, modelos, pol&#xED;ticas / Inmaculada Egido G&#xE1;lvez -- 12. I. Mesa redonda sobre La imagen del profesorado en nuestra sociedad. Intervienen Juli&#xE1;n Moreira (profesor), Adri&#xE1;n Mart&#xED;nez Pac&#xED;n (alumno) y Maite Alzola (madre) -- 13. II. Mesa redonda con intervenci&#xF3;n de Luis Horrillo S&#xE1;nchez (profesor) sobre &#xBF;Educaci&#xF3;n p&#xFA;blica o privada?, Juana Nieda (inspectora) sobre Los problemas de los profesores y los problemas con los profesores, y Alfredo Li&#xE9;bana Collado (profesor) sobre Papel de las Comunidades Aut&#xF3;nomas en la construcci&#xF3;n de un sistema nacional de educaci&#xF3;n o en su deconstrucci&#xF3;n (Anexo: los cuerpos de profesorado en el Estado auton&#xF3;mico) -- 14. Conclusiones del Colectivo Lorenzo Luzuriaga.</subfield>
  </datafield>
  <datafield tag="504" ind1=" " ind2=" ">
    <subfield code="a">Includes bibliographical references.</subfield>
  </datafield>
  <datafield tag="650" ind1=" " ind2="0">
    <subfield code="a">Teachers</subfield>
    <subfield code="x">Training of</subfield>
    <subfield code="z">Spain</subfield>
  </datafield>
  <datafield tag="655" ind1=" " ind2="0">
    <subfield code="a">Electronic books.</subfield>
  </datafield>
  <datafield tag="700" ind1="1" ind2=" ">
    <subfield code="a">L&#xF3;pez Corti&#xF1;as, Carlos.</subfield>
  </datafield>
  <datafield tag="700" ind1="1" ind2=" ">
    <subfield code="a">Puelles Ben&#xED;tez, Manuel de.</subfield>
  </datafield>
  <datafield tag="791" ind1="2" ind2=" ">
    <subfield code="a">Digitalia (Firm),</subfield>
    <subfield code="e">distributor.</subfield>
  </datafield>
  <datafield tag="830" ind1=" " ind2="0">
    <subfield code="a">Biblioteca de la nueva educaci&#xF3;n ;</subfield>
    <subfield code="v">16.</subfield>
  </datafield>
  <datafield tag="793" ind1="0" ind2=" ">
    <subfield code="g">Digitalia eBook Collection:</subfield>
    <subfield code="a">Biblioteca Nueva</subfield>
  </datafield>
  <datafield tag="856" ind1="4" ind2="0">
    <subfield code="3">Digitalia Hisp&#xE1;nica</subfield>
    <subfield code="u">https://www.digitaliapublishing.com/a/84/</subfield>
  </datafield>
  <datafield tag="910" ind1=" " ind2=" ">
    <subfield code="a">Premium Collection: 2007-2012</subfield>
  </datafield>
  <datafield tag="942" ind1=" " ind2=" ">
    <subfield code="c">RAA</subfield>
  </datafield>
  <datafield tag="952" ind1=" " ind2=" ">
    <subfield code="0">0</subfield>
    <subfield code="1">0</subfield>
    <subfield code="4">0</subfield>
    <subfield code="7">0</subfield>
    <subfield code="8">DEH</subfield>
    <subfield code="a">BD-UIN</subfield>
    <subfield code="b">BD-UIN</subfield>
    <subfield code="d">2025-04-25</subfield>
    <subfield code="l">0</subfield>
    <subfield code="r">2025-04-25</subfield>
    <subfield code="w">2025-04-25</subfield>
    <subfield code="y">RAA</subfield>
  </datafield>
  <datafield tag="999" ind1=" " ind2=" ">
    <subfield code="c">229191</subfield>
    <subfield code="d">229191</subfield>
  </datafield>
</record>
